000 00531nam a22002057a 4500
003 koha_MIRAKIL
005 20231213100011.0
008 231213b |||||||| |||| 00| 0 ||| d
020 _b9-75705594-8 (pbk.)
040 _aTR-IsEVY
_btur
_cTR-IsEVY
082 _a813.42 KAV/İ
100 _aKavaklı, Ali Erkan.
245 0 _aİntikam
250 _a8. bs.
260 _bNesil Yayınları,
_c2011
300 _a352 s.
650 _aAuthors, Turkish.
650 _aDetective and mystery stories, Turkish.
942 _2ddc
_cBK
999 _c12901
_d12901